Alternating current machines (Record no. 23298)

000 -LEADER
fixed length control field 00516nam a22001937a 4500
001 - CONTROL NUMBER
control field 23298
003 - CONTROL NUMBER IDENTIFIER
control field BD-DhUET
008 - FIXED-LENGTH DATA ELEMENTS--GENERAL INFORMATION
fixed length control field 150503b xxu||||| |||| 00| 0 eng d
040 ## - CATALOGING SOURCE
Original cataloging agency DLC
Transcribing agency DLC
Modifying agency BD-DhUET
082 ## - DEWEY DECIMAL CLASSIFICATION NUMBER
Classification number 623.133
Item number COT/1960
100 ## - MAIN ENTRY--PERSONAL NAME
Personal name Cotton, H.
245 ## - TITLE STATEMENT
Title Alternating current machines
250 ## - EDITION STATEMENT
Edition statement 2nd ed.
260 ## - PUBLICATION, DISTRIBUTION, ETC. (IMPRINT)
Place of publication, distribution, etc. London
Name of publisher, distributor, etc. Macmillan
Date of publication, distribution, etc. 1960
300 ## - PHYSICAL DESCRIPTION
Extent 328p.
Other physical details ill.
490 ## - SERIES STATEMENT
Series statement Cleaver-Hume electrical series, no. 4
650 #0 - SUBJECT ADDED ENTRY--TOPICAL TERM
Topical term or geographic name as entry element Alternating current : Electrical machinery
942 ## - ADDED ENTRY ELEMENTS (KOHA)
Koha item type General Book
Holdings
Copy number Lost status Koha item type Location (home branch) Price effective from Withdrawn status Koha date last seen Not for loan Piece designation (barcode) Sublocation or collection (holding branch) Date acquired Shelving location Koha full call number Source of classification or shelving scheme Koha normalized classification for sorting Damaged status
1 General BookCentral Library, BUET2015-05-03 2015-05-03 22776Central Library, BUET2015-05-03Circulation section623.133/COT/1960 623_133000000000000_COT_1960 
2 General BookCentral Library, BUET2015-05-03 2015-05-03 22777Central Library, BUET2015-05-03Circulation section623.133/COT/1960 623_133000000000000_COT_1960 
3 General BookCentral Library, BUET2015-05-03 2015-05-03 22775Central Library, BUET2015-05-03Circulation section623.133/COT/1960 623_133000000000000_COT_1960 
4 General BookCentral Library, BUET2015-05-03 2015-05-03 22781Central Library, BUET2015-05-03Circulation section623.133/COT/1960 623_133000000000000_COT_1960 
5 General BookCentral Library, BUET2015-05-03 2015-05-03 22779Central Library, BUET2015-05-03Circulation section623.133/COT/1960 623_133000000000000_COT_1960 
6 General BookCentral Library, BUET2015-05-03 2015-05-03 22778Central Library, BUET2015-05-03Circulation section623.133/COT/1960 623_133000000000000_COT_1960 
7 General BookCentral Library, BUET2015-05-03 2015-05-03 22782Central Library, BUET2015-05-03Circulation section623.133/COT/1960 623_133000000000000_COT_1960 
8 General BookCentral Library, BUET2015-05-03 2015-05-03 22780Central Library, BUET2015-05-03Circulation section623.133/COT/1960 623_133000000000000_COT_1960 
9 General BookCentral Library, BUET2015-05-03 2015-05-03 22774Central Library, BUET2015-05-03Circulation section623.133/COT/1960 623_133000000000000_COT_1960 
10 General BookCentral Library, BUET2015-05-03 2015-05-03 22783Central Library, BUET2015-05-03Circulation section623.133/COT/1960 623_133000000000000_COT_1960